| 000 | 00832nam a22002417a 4500 | ||
|---|---|---|---|
| 008 | 170826s2007 cr||||| |||| 00| 0 spa d | ||
| 020 | _a9789968899284 | ||
| 082 | 0 | 4 |
_a708 _bA326l |
| 100 | 1 |
_aAlbán Dobles, Jorge. _95937 |
|
| 245 | 1 | 0 |
_aLucía Madriz : _bextra-versión, obras 1999-2007 / _ctextos por Jorge Albán Dobles, Lucía Madriz y Virginia Pérez-Ratton. |
| 250 | _a1a edición. | ||
| 260 |
_aSan José, Costa Rica : _bTEOR/ética, _c2007. |
||
| 300 |
_a100 páginas : _bilustraciones en color. |
||
| 440 | 0 |
_aPublicaciones TEOR/ética _v33 _95938 |
|
| 653 | 1 | 0 | _aArte contemporáneo |
| 653 | 1 | 0 | _aCatálogo de obras |
| 653 | 1 | 0 | _aArte - Costa Rica |
| 653 | 1 | 0 | _aArtistas costarricenses |
| 653 | 1 | 0 | _aVideoarte |
| 653 | 1 | 0 | _aInstalación |
| 700 | 1 |
_aMadirz. Lucía. _95939 |
|
| 700 | 1 |
_aPérez-Ratton, Virginia. _9580 |
|
| 999 |
_c1265 _d1265 |
||